[Event "ZN-2014-0-02784"]
[Site "LSS email"]
[Date "2014.08.22"]
[Round "?"]
[White "Simmons, Ernest"]
[Black "Werner, Peter"]
[Result "0-1"]
[WhiteElo "760"]
[BlackElo "776"]
[PlyCount "32"]
[EventDate "2014.08.19"]
[EventType "match (corr)"]
[EventRounds "2"]
[EventCountry "GER"]
[SourceTitle "Corr 2015"]
[Source "ChessBase"]
[SourceDate "2015.07.17"]
[SourceVersion "1"]
[SourceVersionDate "2015.07.17"]
[SourceQuality "1"]

1. d4 d5 2. c4 e6 3. e3 Nf6 4. Nc3 Bb4 5. Bd2 0-0 6. Nf3 c5 7. dxc5 Bxc5 8. Be2 Nc6 9. 0-0 dxc4 10. Bxc4 Bd7 11. Qb3 Na5 12. Qc2 Nxc4 13. Bc1 Qc7 14. Re1 Bc6 15. e4 Ng4 16. e5 Bxf2+ 0-1

[Event "ZN-2014-0-02784"]
[Site "LSS email"]
[Date "2014.08.22"]
[Round "?"]
[White "Werner, Peter"]
[Black "Simmons, Ernest"]
[Result "1-0"]
[WhiteElo "776"]
[BlackElo "760"]
[PlyCount "39"]
[EventDate "2014.08.19"]
[EventType "match (corr)"]
[EventRounds "2"]
[EventCountry "GER"]
[SourceTitle "Corr 2015"]
[Source "ChessBase"]
[SourceDate "2015.07.17"]
[SourceVersion "1"]
[SourceVersionDate "2015.07.17"]
[SourceQuality "1"]

1. e4 c6 2. d4 d5 3. Nc3 dxe4 4. Nxe4 Bf5 5. Ng3 Bd7 6. Nf3 h6 7. Bc4 e6 8. Ne5 Bc8 9. 0-0 Nd7 10. Bxe6 Nxe5 11. Bxc8 Rxc8 12. Re1 Be7 13. Rxe5 Nf6 14. Nf5 Rc7 15. Nxg7+ Kf8 16. Nf5 Nd5 17. Bxh6+ Ke8 18. Ng7+ Kd7 19. Qg4+ Kd6 20. Re6+ 1-0

[Event "ZN-2014-0-02607"]
[Site "LSS email"]
[Date "2014.02.17"]
[Round "?"]
[White "Lenz, Juergen"]
[Black "Werner, Peter"]
[Result "1/2-1/2"]
[WhiteElo "1088"]
[BlackElo "889"]
[PlyCount "73"]
[EventDate "2014.02.12"]
[EventType "match (corr)"]
[EventRounds "2"]
[EventCountry "GER"]
[SourceTitle "Corr 2022"]
[Source "ChessBase"]
[SourceDate "2021.10.24"]
[SourceVersion "1"]
[SourceVersionDate "2021.10.24"]
[SourceQuality "1"]

1. d4 d5 2. Nf3 e6 3. Bf4 Bd6 4. Bg3 Nf6 5. Nbd2 0-0 6. Ne5 Nc6 7. Nxc6 bxc6 8. e3 Bxg3 9. hxg3 Qd6 10. Bd3 e5 11. c3 e4 12. Be2 Rb8 13. b4 h6 14. Nb3 Nd7 15. Nc5 Nf6 16. Qa4 Bg4 17. Bxg4 Nxg4 18. Rh4 f5 19. Ke2 Kh7 20. Rh3 Rfe8 21. Rah1 Rf8 22. f3 Nf6 23. f4 Ng4 24. Qc2 Rb5 25. a4 Rb6 26. a5 Rbb8 27. Rh5 Rf7 28. R1h4 g6 29. Rxg4 gxh5 30. Rh4 Qg6 31. Kf2 Rg7 32. Rh3 h4 33. Kg1 hxg3 34. Qe2 Rbg8 35. a6 Qg4 36. Qxg4 Rxg4 37. Kf1 1/2-1/2

[Event "ZN-2013-0-02463"]
[Site "LSS email"]
[Date "2013.10.11"]
[Round "?"]
[White "Lauer, Fredric"]
[Black "Werner, Peter"]
[Result "1-0"]
[WhiteElo "1124"]
[BlackElo "736"]
[PlyCount "97"]
[EventDate "2013.10.03"]
[EventType "match (corr)"]
[EventRounds "2"]
[EventCountry "GER"]
[SourceTitle "Telechess CBM 163"]
[Source "ChessBase"]
[SourceDate "2014.11.11"]
[SourceVersion "2"]
[SourceVersionDate "2014.11.11"]
[SourceQuality "1"]

1. e4 e5 2. Nf3 Bc5 3. Nxe5 Qf6 4. Nf3 Nc6 5. Nc3 Ne5 6. Be2 Ne7 7. 0-0 0-0 8. b3 d6 9. Bb2 c6 10. Nxe5 dxe5 11. Bg4 Bxg4 12. Qxg4 Rad8 13. d3 Bd4 14. h4 h6 15. Rab1 Ng6 16. h5 Nf4 17. Ne2 Nxe2+ 18. Qxe2 b5 19. Bxd4 Rxd4 20. Qg4 Qe6 21. Qxe6 fxe6 22. g4 Rd7 23. Kg2 Rf4 24. f3 g5 25. hxg6 Kg7 26. Rh1 Kxg6 27. Rh5 Kf6 28. Rxh6+ Ke7 29. Rh7+ Rf7 30. Rbh1 a6 31. Rxf7+ Kxf7 32. Rh7+ Ke8 33. Rxd7 Kxd7 34. Kg3 Ke7 35. Kh4 Kf6 36. Kh5 Kg7 37. Kg5 c5 38. f4 exf4 39. Kxf4 Kf6 40. g5+ Kg6 41. Ke5 Kxg5 42. Kxe6 Kg6 43. Kd5 Kf6 44. Kxc5 Ke5 45. Kb6 Kd4 46. Kxa6 Kc5 47. e5 b4 48. d4+ Kd5 49. Kb5 1-0

[Event "ZN-2013-0-02401"]
[Site "LSS email"]
[Date "2013.08.07"]
[Round "?"]
[White "Raines, David T"]
[Black "Werner, Peter"]
[Result "1-0"]
[WhiteElo "999"]
[BlackElo "749"]
[PlyCount "56"]
[EventDate "2013.08.03"]
[EventType "match (corr)"]
[EventRounds "2"]
[EventCountry "GER"]
[SourceTitle "Telechess CBM 163"]
[Source "ChessBase"]
[SourceDate "2014.11.11"]
[SourceVersion "2"]
[SourceVersionDate "2014.11.11"]
[SourceQuality "1"]

1. Nf3 Nf6 2. c4 d5 3. g3 d4 4. Bg2 c5 5. d3 Nc6 6. 0-0 e5 7. Na3 Be7 8. Nc2 0-0 9. Rb1 e4 10. Re1 exf3 11. Bxf3 Nb4 12. a3 Nxc2 13. Qxc2 Qa5 14. Bd2 Qc7 15. b4 b6 16. Bxa8 Bd7 17. Bg2 Bc6 18. Bf4 Bd6 19. Bg5 Ng4 20. h3 Ne5 21. Bf4 Bxg2 22. Kxg2 h6 23. bxc5 bxc5 24. Rb3 Re8 25. Reb1 Qc6+ 26. Kg1 Ng6 27. Bxd6 Qxd6 28. Rb7 a6 1-0

[Event "ZN-2013-0-02322"]
[Site "LSS email"]
[Date "2013.06.05"]
[Round "?"]
[White "Werner, Peter"]
[Black "Rey, Dieter"]
[Result "1-0"]
[WhiteElo "749"]
[BlackElo "659"]
[PlyCount "153"]
[EventDate "2013.06.03"]
[EventType "match (corr)"]
[EventRounds "2"]
[EventCountry "GER"]
[SourceTitle "Telechess CBM 161"]
[Source "ChessBase"]
[SourceDate "2014.07.16"]
[SourceVersion "1"]
[SourceVersionDate "2014.07.16"]
[SourceQuality "1"]

1. e4 d5 2. exd5 Qxd5 3. Nc3 Qd8 4. Bc4 Nf6 5. Nf3 e6 6. 0-0 Be7 7. d4 0-0 8. d5 exd5 9. Bxd5 Nxd5 10. Nxd5 Re8 11. Be3 Bg4 12. h3 Bxf3 13. Qxf3 c6 14. Nf4 Bf6 15. Rad1 Qc7 16. c3 Nd7 17. Qg4 Ne5 18. Qf5 Qc8 19. Qxc8 Rexc8 20. Bd4 Nd7 21. Nh5 Bxd4 22. Rxd4 Nf6 23. Nxf6+ gxf6 24. Re1 Rd8 25. Rg4+ Kh8 26. Re7 Rd1+ 27. Kh2 Rg8 28. Rf4 Rd2 29. Rxb7 Rf8 30. Rxf6 Kg7 31. Rf3 a5 32. Rg3+ Kh8 33. f3 Rc2 34. a4 Rd2 35. b4 axb4 36. cxb4 Ra2 37. Ra7 Rb2 38. Rg4 Rg8 39. Rxf7 Rxg4 40. fxg4 Rxb4 41. a5 Ra4 42. Rf5 Kg7 43. Rc5 h6 44. Rxc6 Rxa5 45. Rc7+ Kg6 46. Rc6+ Kg5 47. Rc3 Ra2 48. Rc5+ Kg6 49. h4 Ra4 50. h5+ Kh7 51. Rc7+ Kg8 52. Kh3 Ra3+ 53. g3 Ra1 54. g5 hxg5 55. Rc5 Rh1+ 56. Kg4 Rg1 57. Rxg5+ Kh8 58. Kf5 Rf1+ 59. Kg6 Ra1 60. Kh6 Ra6+ 61. Rg6 Ra7 62. g4 Rh7+ 63. Kg5 Ra7 64. Kh4 Ra4 65. h6 Kh7 66. Kh5 Ra5+ 67. g5 Ra7 68. Rf6 Ra5 69. Rf7+ Kg8 70. Rg7+ Kh8 71. Re7 Rf5 72. Kg6 Rf8 73. Rf7 Rg8+ 74. Rg7 Rxg7+ 75. hxg7+ Kg8 76. Kh6 Kf7 77. Kh7 1-0

[Event "ZN-2013-0-02209"]
[Site "LSS email"]
[Date "2013.02.18"]
[Round "?"]
[White "Werner, Peter"]
[Black "Simmons, Ernest"]
[Result "0-1"]
[WhiteElo "703"]
[BlackElo "717"]
[PlyCount "72"]
[EventDate "2013.02.12"]
[EventType "match (corr)"]
[EventRounds "2"]
[EventCountry "GER"]
[SourceTitle "Telechess CBM 159"]
[Source "ChessBase"]
[SourceDate "2014.03.17"]
[SourceVersion "1"]
[SourceVersionDate "2014.03.17"]
[SourceQuality "1"]

1. e4 c5 2. f4 e6 3. Nc3 Nc6 4. Nf3 Qc7 5. g3 Be7 6. Nb5 Qb6 7. d4 cxd4 8. Nfxd4 a6 9. Nxc6 Qxc6 10. Nd4 Qxe4+ 11. Ne2 Qxh1 12. Qd4 Bf6 13. Qf2 Qc6 14. Nd4 Qe4+ 15. Qe3 Qxd4 16. Qf3 Qd6 17. Bd3 g6 18. c3 Ne7 19. Bd2 0-0 20. 0-0-0 Nc6 21. Re1 Re8 22. a3 Qc7 23. Qe4 d5 24. Qf3 Nd4 25. Qd1 Bd7 26. Be3 Nc6 27. Qc2 e5 28. Rf1 e4 29. Be2 Bh3 30. Rd1 Rad8 31. Kb1 Qc8 32. Bf1 Be6 33. Qa4 Bg4 34. Rd2 Be6 35. Be2 b5 36. Qxa6 Qxa6 0-1

[Event "ZN-2013-0-02196"]
[Site "LSS email"]
[Date "2013.02.02"]
[Round "?"]
[White "Hinestroza, Douglas"]
[Black "Werner, Peter"]
[Result "1-0"]
[WhiteElo "766"]
[BlackElo "703"]
[PlyCount "51"]
[EventDate "2013.01.28"]
[EventType "match (corr)"]
[EventRounds "2"]
[EventCountry "GER"]
[SourceTitle "Telechess CBM 159"]
[Source "ChessBase"]
[SourceDate "2014.03.17"]
[SourceVersion "1"]
[SourceVersionDate "2014.03.17"]
[SourceQuality "1"]

1. e4 e5 2. Nf3 Nc6 3. Bc4 Qf6 4. c3 Bc5 5. d4 exd4 6. cxd4 Nxd4 7. Nxd4 Bxd4 8. 0-0 Qg6 9. Qxd4 d5 10. Qxd5 Bh3 11. e5 c6 12. Qf3 Ne7 13. Qxh3 Qe4 14. Bb3 0-0 15. Nc3 Qxe5 16. Qf3 Nf5 17. Bf4 Qf6 18. Rfe1 Nd4 19. Qe3 h6 20. Rad1 Ne6 21. Bg3 Rfe8 22. Bc2 Nc7 23. Qd3 g6 24. Kf1 Rad8 25. Rxe8+ Rxe8 26. Bxc7 1-0

[Event "ZN-2013-0-02196"]
[Site "LSS email"]
[Date "2013.02.02"]
[Round "?"]
[White "Werner, Peter"]
[Black "Hinestroza, Douglas"]
[Result "1-0"]
[WhiteElo "703"]
[BlackElo "766"]
[PlyCount "39"]
[EventDate "2013.01.28"]
[EventType "match (corr)"]
[EventRounds "2"]
[EventCountry "GER"]
[SourceTitle "Telechess CBM 159"]
[Source "ChessBase"]
[SourceDate "2014.03.17"]
[SourceVersion "1"]
[SourceVersionDate "2014.03.17"]
[SourceQuality "1"]

1. e4 e6 2. f4 d5 3. e5 c5 4. Bb5+ Bd7 5. Bxd7+ Nxd7 6. Nf3 Ne7 7. d4 cxd4 8. Nxd4 Ng6 9. 0-0 Bc5 10. c3 Qb6 11. b4 Be7 12. Qd3 0-0 13. Nd2 Rac8 14. N2f3 a6 15. f5 exf5 16. Qxf5 Qc7 17. e6 Nf6 18. exf7+ Rxf7 19. Ng5 Rff8 20. Nde6 1-0

[Event "ZN-2012-0-02149"]
[Site "LSS email"]
[Date "2012.12.23"]
[Round "?"]
[White "Holmquist, Marson C"]
[Black "Werner, Peter"]
[Result "1/2-1/2"]
[WhiteElo "556"]
[BlackElo "703"]
[PlyCount "64"]
[EventDate "2012.12.20"]
[EventType "match (corr)"]
[EventRounds "2"]
[EventCountry "GER"]
[SourceTitle "Telechess CBM 159"]
[Source "ChessBase"]
[SourceDate "2014.03.17"]
[SourceVersion "1"]
[SourceVersionDate "2014.03.17"]
[SourceQuality "1"]

1. d4 d5 2. c4 Nf6 3. Nc3 e6 4. e3 Bb4 5. Nge2 dxc4 6. Bd2 Bxc3 7. Bxc3 Nc6 8. Ng3 0-0 9. Bxc4 a6 10. 0-0 b5 11. Bd3 Bb7 12. Re1 Ne7 13. d5 Nexd5 14. Nh5 g6 15. e4 Nxc3 16. Nxf6+ Qxf6 17. Qc2 Na4 18. Qxc7 Rad8 19. Qxb7 Rxd3 20. Rac1 Rd2 21. Rf1 Nxb2 22. Qxa6 Nd3 23. Rc8 Rxf2 24. Rb1 Rxg2+ 25. Kxg2 Qf2+ 26. Kh1 Rxc8 27. Qxc8+ Kg7 28. Qc3+ Ne5 29. Qxe5+ Kh6 30. Rg1 Qf3+ 31. Rg2 Qf1+ 32. Rg1 Qf3+ 1/2-1/2

[Event "ZN-2012-0-02126"]
[Site "LSS email"]
[Date "2012.12.01"]
[Round "?"]
[White "Werner, Peter"]
[Black "Gomez, Pablo"]
[Result "1-0"]
[WhiteElo "747"]
[BlackElo "655"]
[PlyCount "37"]
[EventDate "2012.11.28"]
[EventType "match (corr)"]
[EventRounds "2"]
[EventCountry "GER"]
[SourceTitle "Corr 2015"]
[Source "ChessBase"]
[SourceDate "2015.07.17"]
[SourceVersion "1"]
[SourceVersionDate "2015.07.17"]
[SourceQuality "1"]

1. e4 e6 2. Nc3 d6 3. d4 Ne7 4. Nf3 Ng6 5. Bc4 Be7 6. 0-0 Nd7 7. Re1 Nb6 8. Bb3 Bd7 9. a3 0-0 10. Ne2 Bc6 11. Ng3 d5 12. e5 Ba4 13. Bxa4 Nxa4 14. c3 Nh4 15. Nxh4 Bxh4 16. Qxa4 Bxg3 17. fxg3 c6 18. Qc2 b5 19. g4 1-0

[Event "ZN-2012-0-02013"]
[Site "LSS email"]
[Date "2012.08.02"]
[Round "?"]
[White "Wallerstorfer, Josef"]
[Black "Werner, Peter"]
[Result "0-1"]
[WhiteElo "796"]
[BlackElo "737"]
[PlyCount "60"]
[EventDate "2012.07.23"]
[EventType "match (corr)"]
[EventRounds "2"]
[EventCountry "GER"]
[SourceTitle "Telechess CBM 165"]
[Source "ChessBase"]
[SourceDate "2015.03.11"]
[SourceVersion "1"]
[SourceVersionDate "2015.03.11"]
[SourceQuality "1"]

1. e4 e5 2. Nf3 Nc6 3. Bc4 Qf6 4. d3 h6 5. Nc3 Bb4 6. Bd2 Bxc3 7. Bxc3 Nd4 8. Nxd4 exd4 9. Bb4 d6 10. 0-0 c5 11. Bd2 Ne7 12. c3 0-0 13. Rb1 a6 14. cxd4 cxd4 15. Bb4 b5 16. Bb3 Ng6 17. Rc1 Nf4 18. Rc6 Nxg2 19. Rxc8 Qg5 20. Rxf8+ Rxf8 21. Kh1 Nh4 22. Rg1 Qf6 23. Qe2 Nf3 24. Rg3 Ne5 25. Bd5 Rc8 26. Bb7 Rc1+ 27. Kg2 Ng6 28. Qg4 Nh4+ 29. Kh3 Ng6 30. Bxa6 Nf4+ 0-1

[Event "ZN-2012-0-02013"]
[Site "LSS email"]
[Date "2012.08.02"]
[Round "?"]
[White "Werner, Peter"]
[Black "Wallerstorfer, Josef"]
[Result "1-0"]
[WhiteElo "737"]
[BlackElo "796"]
[PlyCount "23"]
[EventDate "2012.07.23"]
[EventType "match (corr)"]
[EventRounds "2"]
[EventCountry "GER"]
[SourceTitle "Corr 2015"]
[Source "ChessBase"]
[SourceDate "2015.07.17"]
[SourceVersion "1"]
[SourceVersionDate "2015.07.17"]
[SourceQuality "1"]

1. e4 e5 2. f4 exf4 3. Bc4 Nh6 4. Nf3 Bc5 5. d4 Bb6 6. Ne5 d6 7. Nf3 g5 8. Nc3 Nc6 9. Bb5 Bd7 10. Nd5 Ne7 11. Bxd7+ Qxd7 12. Nf6+ 1-0

[Event "ZN-2012-0-01882"]
[Site "LSS email"]
[Date "2012.03.12"]
[Round "?"]
[White "Werner, Peter"]
[Black "Rey, Dieter"]
[Result "0-1"]
[WhiteElo "710"]
[BlackElo "682"]
[PlyCount "76"]
[EventDate "2012.03.10"]
[EventType "match (corr)"]
[EventRounds "2"]
[EventCountry "GER"]
[SourceTitle "Telechess CBM 153"]
[Source "ChessBase"]
[SourceDate "2013.03.14"]
[SourceVersion "1"]
[SourceVersionDate "2013.03.14"]
[SourceQuality "1"]

1. e4 d6 2. d4 Nf6 3. Nc3 g6 4. Nf3 Bg7 5. Bc4 Nc6 6. Ng5 e6 7. 0-0 h6 8. Nf3 0-0 9. e5 dxe5 10. dxe5 Qxd1 11. Rxd1 Ng4 12. Nb5 Ncxe5 13. Nxc7 Nxf3+ 14. gxf3 Ne5 15. Be2 Rb8 16. Nb5 a6 17. Nd6 Bf6 18. Bxh6 Bg7 19. Bxg7 Kxg7 20. f4 Nc6 21. Bf3 Ne7 22. Rd4 Nf5 23. Nxf5+ exf5 24. Re1 Be6 25. b3 b5 26. Rd6 a5 27. Ra6 a4 28. bxa4 bxa4 29. Rxa4 Rh8 30. c4 Rh4 31. c5 Rbh8 32. Ra8 Rxa8 33. Bxa8 Bxa2 34. Re8 Rxf4 35. c6 Rc4 36. Bb7 Rc5 37. Re7 Bd5 38. Rc7 Rc1# 0-1

[Event "ZN-2011-0-01618"]
[Site "LSS email"]
[Date "2011.07.18"]
[Round "?"]
[White "Werner, Peter"]
[Black "Klos, Gustav"]
[Result "1-0"]
[WhiteElo "645"]
[BlackElo "478"]
[PlyCount "53"]
[EventDate "2011.07.12"]
[EventType "match (corr)"]
[EventRounds "2"]
[EventCountry "GER"]
[SourceTitle "Telechess CBM 151"]
[Source "ChessBase"]
[SourceDate "2012.11.13"]
[SourceVersion "1"]
[SourceVersionDate "2012.11.13"]
[SourceQuality "1"]

1. e4 e5 2. Nf3 Nc6 3. d4 d5 4. exd5 Qxd5 5. Nc3 Bb4 6. Bd2 Bxc3 7. Bxc3 Qe4+ 8. Qe2 Bf5 9. Qxe4 Bxe4 10. Nxe5 f6 11. Nxc6 Ne7 12. Nxe7 Kxe7 13. Bd3 Bxg2 14. Rg1 Bf3 15. Rxg7+ Kf8 16. Rxc7 Rg8 17. Bb4+ Ke8 18. Re7+ Kf8 19. Re3+ Kf7 20. Rxf3 Rg1+ 21. Bf1 Re8+ 22. Re3 Rd8 23. 0-0-0 Rg4 24. Re7+ Kg8 25. Bc4+ Kf8 26. Re4+ Kg7 27. Rxg4+ 1-0

[Event "ZN-2011-0-01377"]
[Site "LSS email"]
[Date "2011.03.09"]
[Round "?"]
[White "Newton, Daryl"]
[Black "Werner, Peter"]
[Result "1-0"]
[WhiteElo "573"]
[BlackElo "611"]
[PlyCount "53"]
[EventDate "2011.03.05"]
[EventType "match (corr)"]
[EventRounds "2"]
[EventCountry "GER"]
[SourceTitle "Telechess CBM 145"]
[Source "Chessbase"]
[SourceDate "2011.11.11"]
[SourceVersion "1"]
[SourceVersionDate "2011.11.11"]
[SourceQuality "1"]

1. e3 e5 2. Ne2 Nf6 3. g3 d5 4. Bg2 Nc6 5. d3 Ng4 6. 0-0 Be7 7. a4 0-0 8. Nd2 Bf5 9. f3 Nxe3 10. Qe1 Nxf1 11. Qxf1 Bc5+ 12. Kh1 Nb4 13. Nb3 Qd6 14. Na5 Qa6 15. Nb3 Qc6 16. Nxc5 Qxc5 17. Qd1 Qf2 18. Ng1 Nxc2 19. Rb1 Ne3 20. Bxe3 Qxe3 21. Qf1 Bxd3 22. Qe1 Qxe1 23. Rxe1 Rfe8 24. b4 c6 25. h4 Bc2 26. Ra1 Rad8 27. Ra2 1-0

[Event "ZN-2011-0-01328"]
[Site "LSS email"]
[Date "2011.02.11"]
[Round "?"]
[White "Newton, Daryl"]
[Black "Werner, Peter"]
[Result "0-1"]
[WhiteElo "573"]
[BlackElo "611"]
[PlyCount "80"]
[EventDate "2011.02.09"]
[EventType "match (corr)"]
[EventRounds "2"]
[EventCountry "GER"]
[SourceTitle "Telechess CBM 145"]
[Source "Chessbase"]
[SourceDate "2011.11.11"]
[SourceVersion "1"]
[SourceVersionDate "2011.11.11"]
[SourceQuality "1"]

1. e3 e5 2. Ne2 d5 3. g3 Nf6 4. Bg2 e4 5. b3 Nc6 6. Bb2 Bb4 7. c3 Be7 8. d3 0-0 9. Nd2 exd3 10. Nf4 Ne4 11. Nxe4 dxe4 12. Bxe4 Ne5 13. c4 c6 14. Bxe5 Bb4+ 15. Kf1 d2 16. Kg2 g5 17. Nh5 f6 18. Nxf6+ Kf7 19. Qh5+ Ke6 20. Qxg5 Rxf6 21. Bxf6 Qxf6 22. Qg4+ Ke7 23. Qe2 Kd7 24. Qd3+ Kc7 25. a3 Be7 26. Qxd2 Be6 27. h4 Qe5 28. Bxh7 Rf8 29. Qe2 Qg7 30. Bd3 Qf6 31. Qd2 Qf3+ 32. Kh2 Bd6 33. Rhg1 Qg4 34. Bf1 Qf5 35. Rd1 Be7 36. Qd4 Bc5 37. Qc3 Qg4 38. Bg2 Rxf2 39. Qe5+ Kb6 40. b4 Qh3# 0-1

[Event "ZN-2011-0-01328"]
[Site "LSS email"]
[Date "2011.02.11"]
[Round "?"]
[White "Werner, Peter"]
[Black "Newton, Daryl"]
[Result "0-1"]
[WhiteElo "611"]
[BlackElo "573"]
[PlyCount "44"]
[EventDate "2011.02.09"]
[EventType "match (corr)"]
[EventRounds "2"]
[EventCountry "GER"]
[SourceTitle "Telechess CBM 145"]
[Source "Chessbase"]
[SourceDate "2011.11.11"]
[SourceVersion "1"]
[SourceVersionDate "2011.11.11"]
[SourceQuality "1"]

1. e4 e6 2. d4 Ne7 3. Nc3 g6 4. Nf3 Bg7 5. e5 b6 6. Bd3 Bb7 7. Be4 c6 8. 0-0 d5 9. Bd3 Nd7 10. Ne2 0-0 11. Nf4 c5 12. c4 a5 13. b3 Bc6 14. a4 dxc4 15. Bxc4 Ra7 16. Re1 Nf5 17. Bb2 Bh6 18. Ne2 Bxf3 19. gxf3 Qg5+ 20. Kh1 Nh4 21. Rg1 Qf5 22. f4 Qe4+ 0-1

[Event "IECG CP.2005.P.00084"]
[Site "IECG email"]
[Date "2005.10.01"]
[Round "?"]
[White "Werner, Peter"]
[Black "Wittal, Werner"]
[Result "0-1"]
[WhiteElo "800"]
[BlackElo "1938"]
[PlyCount "130"]
[EventDate "2005.10.01"]
[EventType "tourn (corr)"]
[EventRounds "6"]
[SourceTitle "Corr 2008"]
[Source "ChessBase"]
[SourceDate "2008.06.24"]
[SourceVersion "1"]
[SourceVersionDate "2008.06.24"]
[SourceQuality "1"]

1. e4 d6 2. d4 Nf6 3. Nc3 g6 4. h3 Bg7 5. Nf3 0-0 6. Be3 c6 7. a4 d5 8. e5 Ne4 9. Bd3 Nxc3 10. bxc3 c5 11. Qd2 Nc6 12. 0-0 c4 13. Be2 f6 14. Bf4 fxe5 15. Nxe5 Nxe5 16. dxe5 e6 17. a5 Qc7 18. Rfe1 Rf7 19. Bf3 Rb8 20. Be3 Bxe5 21. Bxa7 Ra8 22. Bb6 Qd6 23. Bd4 Bf4 24. Qe2 Bd7 25. Bg4 Re8 26. g3 Bh6 27. Be5 Qc6 28. Reb1 Bf8 29. f4 Be7 30. Kg2 Bd8 31. Bf3 Ref8 32. Qe3 Bc8 33. Bd4 Bc7 34. Ra2 g5 35. Kh1 Rf5 36. Rf1 gxf4 37. gxf4 Bxf4 38. Rg1+ Kf7 39. Qf2 e5 40. Bc5 Qh6 41. h4 e4 42. Bxf8 Kxf8 43. Qc5+ Kf7 44. Rg4 Bg3 45. Bd1 Rf1+ 46. Kg2 Rxd1 47. Kxg3 Bxg4 48. Qc7+ Ke8 49. Qb8+ Ke7 50. Qc7+ Bd7 51. Qe5+ Kd8 52. Qg5+ Qxg5+ 53. hxg5 Rg1+ 54. Kf4 Rg4+ 55. Ke3 Rxg5 56. Kd4 h5 57. a6 bxa6 58. Rxa6 h4 59. Ra1 Ke7 60. Rh1 h3 61. Kc5 e3 62. Kd4 e2 63. Ke3 e1Q+ 64. Rxe1 Re5+ 65. Kf2 Rxe1 0-1

[Event "IECG TE.2005.P.01814 email"]
[Site "IECG email"]
[Date "2005.03.24"]
[Round "?"]
[White "Lejsek, Heinz"]
[Black "Werner, Peter"]
[Result "1-0"]
[WhiteElo "2331"]
[BlackElo "800"]
[PlyCount "43"]
[EventDate "2005.03.24"]
[EventType "tourn (corr)"]
[EventRounds "4"]
[SourceTitle "Corr 2008"]
[Source "ChessBase"]
[SourceDate "2008.06.24"]
[SourceVersion "1"]
[SourceVersionDate "2008.06.24"]
[SourceQuality "1"]

1. d4 Nf6 2. c4 c5 3. d5 b5 4. Nf3 bxc4 5. Nc3 Ba6 6. e4 e6 7. Be2 exd5 8. e5 d4 9. exf6 Qxf6 10. Bg5 Qe6 11. 0-0 dxc3 12. bxc3 f6 13. Re1 Kd8 14. Bf4 Bb7 15. Rb1 Qa6 16. Nd2 g5 17. Bg3 Bc6 18. Nxc4 Qa4 19. Qd3 d5 20. Bg4 Qxc4 21. Qf5 Nd7 22. Qe6 1-0

[Event "IECG TE.2005.P.01814 email"]
[Site "IECG email"]
[Date "2005.03.24"]
[Round "?"]
[White "Werner, Peter"]
[Black "Lejsek, Heinz"]
[Result "0-1"]
[WhiteElo "800"]
[BlackElo "2331"]
[PlyCount "84"]
[EventDate "2005.03.24"]
[EventType "tourn (corr)"]
[EventRounds "4"]
[SourceTitle "Corr 2008"]
[Source "ChessBase"]
[SourceDate "2008.06.24"]
[SourceVersion "1"]
[SourceVersionDate "2008.06.24"]
[SourceQuality "1"]

1. d4 Nf6 2. c4 c5 3. d5 b5 4. Nf3 g6 5. cxb5 a6 6. bxa6 Bxa6 7. Nc3 d6 8. Bg5 Nbd7 9. e4 Bxf1 10. Kxf1 Bg7 11. Qe2 Qb6 12. g3 h6 13. Bxf6 Bxf6 14. Kg2 g5 15. Rhb1 h5 16. Kg1 g4 17. Nd2 h4 18. Qxg4 hxg3 19. Qxg3 0-0-0 20. Qf3 Rdg8+ 21. Kh1 Ne5 22. Qe2 Ng4 23. Nf3 Be5 24. h4 Bf6 25. Rg1 Bxh4 26. Rxg4 Rxg4 27. Nh2 Rf4 28. Rf1 Bf6 29. Kg2 Rg8+ 30. Kh1 Rh4 31. Na4 Qa5 32. b3 Be5 33. f4 Bxf4 34. Rxf4 Rxf4 35. Nc3 Rh4 36. Qf3 Qa3 37. Qf1 Rgh8 38. Kg2 Qb2+ 39. Ne2 Rxh2+ 40. Kf3 Qf6+ 41. Nf4 Qc3+ 42. Nd3 R8h3+ 0-1